000 00284nam a2200121 i 4500
001 bg
245 0 _aWłaściwości metrologiczne manometrów tłokowych.
260 _aWrocław,
_c1977.
040 _cBPK
041 _apol
942 _cKS
008 s pl f |000 0 pol
999 _c17296
_d17296
856 _uhttp://koha.tu.koszalin.pl/cgi-bin/koha/opac-detail.pl?biblionumber=17296
_yKatalog online BPK